000 00874nam a2200253 a 4500
999 _c2366
_d2366
008 200313s2018 ii a|||g m|||a00| 0 eng d
040 _aKO
_beng
041 0 _aeng
044 _aii
082 0 4 _223
_a378.242
_bIRM1728
100 1 _aT. K, Sre Mahalakshmi
_eResearcher
245 2 0 _aA Study on Greenwich Meridian Logistics Pvt Ltd, Tirupur /
_cSre Mahalakshmi T. K ; Guide Dr. U. Sreejith
260 _aKochi :
_bIndian Maritime University,
_c2018
300 _a31 p. :
_bill. ;
_c29 cm.
490 0 _aMBA Internship 2017-19 ;
_v1705305028
502 _aInternship (MBA)–Indian Maritime University. School of Maritime Management, 2019.
610 2 0 _aGreenwich Meridian Logistics Pvt Ltd (Tirupur)
650 0 _aLogistics
655 7 _2lcsh
_aDissertations, Academic
_y2018
700 1 _aSreejith, U.
_cDr.
_eGuide
904 _aReshma_R
942 _cTH